000 00308nam a2200133Ia 4500
005 20251222155117.0
008 251222s9999||||xx |||||||||||||| ||spa||
082 _aEBA. 32
100 _aBLENGIO, José.
245 0 _aFundamentos de Enfermería
250 _a2da. ed.
264 _bIndustria
942 _cLIB
999 _c38292
_d38292